| 000 | 00431nam a2200109Ia 4500 | ||
|---|---|---|---|
| 008 | 171212s9999 xx 000 0 und d | ||
| 100 | _aMiller, Trey | ||
| 245 |
_cMiller, Trey _aFinancing the Operation and Maintenance Costs of Hurricane Protection Infrastructure _bOptions for the State of Louisiana |
||
| 260 |
_bRAND Corporation _c2012 |
||
| 650 | _aEnvironmental Science | ||
| 856 | _uhttp://www.jstor.org/stable/10.7249/j.ctt5hhsvx | ||
| 999 |
_c352089 _d352089 |
||